[Event "CP-2017-P-00041"]
[Site "LSS email"]
[Date "2017.09.27"]
[Round "?"]
[White "Novikov, Sergej"]
[Black "Topotok, Vanya"]
[Result "1-0"]
[WhiteElo "2170"]
[BlackElo "1607"]
[PlyCount "45"]
[EventDate "2017.10.01"]
[EventType "tourn (corr)"]
[EventRounds "6"]
[EventCountry "GER"]
[SourceTitle "Corr 2022"]
[Source "ChessBase"]
[SourceDate "2021.10.24"]
[SourceVersion "1"]
[SourceVersionDate "2021.10.24"]
[SourceQuality "1"]

1. d4 d5 2. c4 e6 3. Nf3 Nd7 4. Nc3 Ngf6 5. cxd5 exd5 6. Bf4 c6 7. Qc2 Nh5 8. Bd2 Be7 9. g4 Nhf6 10. h3 Nb6 11. e3 a5 12. Ne5 Be6 13. Bd3 h5 14. 0-0-0 hxg4 15. Ne2 Rxh3 16. Nf4 Qc8 17. f3 Nbd7 18. Rhg1 c5 19. Bc3 c4 20. Bg6 Nxe5 21. dxe5 Ng8 22. Bh5 Nh6 23. fxg4 1-0

[Event "CP-2017-P-00041"]
[Site "LSS email"]
[Date "2017.09.27"]
[Round "?"]
[White "Nowak, Ireneusz"]
[Black "Novikov, Sergej"]
[Result "1/2-1/2"]
[WhiteElo "2130"]
[BlackElo "2170"]
[PlyCount "73"]
[EventDate "2017.10.01"]
[EventType "tourn (corr)"]
[EventRounds "6"]
[EventCountry "GER"]
[SourceTitle "Corr 2022"]
[Source "ChessBase"]
[SourceDate "2021.10.24"]
[SourceVersion "1"]
[SourceVersionDate "2021.10.24"]
[SourceQuality "1"]

1. e4 c5 2. Nf3 d6 3. d4 cxd4 4. Nxd4 Nf6 5. Nc3 a6 6. Bg5 e6 7. f4 Qc7 8. Qf3 b5 9. Bxf6 gxf6 10. a3 Nc6 11. Nxc6 Qxc6 12. 0-0-0 Rb8 13. Be2 b4 14. axb4 Rxb4 15. Rd3 h5 16. Na2 Rc4 17. Rc3 Rc5 18. Kb1 Bg7 19. Rd1 f5 20. Rxc5 Qxc5 21. exf5 exf5 22. Qd3 Ke7 23. Qb3 Be6 24. Qb7+ Kf6 25. Bxa6 Kg6 26. Nb4 Bf6 27. c3 d5 28. Qc6 Qe3 29. Nxd5 Qe4+ 30. Kc1 Rb8 31. Qc4 Bxd5 32. Rxd5 Bxc3 33. Rd6+ Bf6 34. Qxe4 fxe4 35. Bc4 Kf5 36. g3 Bxb2+ 37. Kd2 1/2-1/2

[Event "BI-2016-F-0000"]
[Site "LSS email"]
[Date "2016.02.14"]
[Round "?"]
[White "Buczinski, Henryk"]
[Black "Novikov, Sergej"]
[Result "1/2-1/2"]
[WhiteElo "2142"]
[BlackElo "2152"]
[PlyCount "44"]
[EventDate "2016.02.20"]
[EventType "tourn (corr)"]
[EventRounds "10"]
[EventCountry "GER"]
[SourceTitle "Corr 2022"]
[Source "ChessBase"]
[SourceDate "2021.10.24"]
[SourceVersion "1"]
[SourceVersionDate "2021.10.24"]
[SourceQuality "1"]

1. e4 e5 2. Nf3 Nc6 3. Bb5 Nf6 4. 0-0 Nxe4 5. d4 Nd6 6. Bxc6 dxc6 7. dxe5 Nf5 8. Qxd8+ Kxd8 9. Nc3 Bd7 10. Ng5 Ke8 11. Rd1 Rd8 12. Nf3 Be7 13. Bg5 h6 14. Bxe7 Nxe7 15. Nd4 Nf5 16. Nde2 Ke7 17. b3 g5 18. Ne4 Bc8 19. Re1 Nd4 20. Rac1 Bf5 21. N2g3 Bg6 22. h3 Ne6 1/2-1/2

[Event "BI-2016-F-0000"]
[Site "LSS email"]
[Date "2016.02.14"]
[Round "?"]
[White "Cvak, Rudolf"]
[Black "Novikov, Sergej"]
[Result "1/2-1/2"]
[WhiteElo "2050"]
[BlackElo "2152"]
[PlyCount "43"]
[EventDate "2016.02.20"]
[EventType "tourn (corr)"]
[EventRounds "10"]
[EventCountry "GER"]
[SourceTitle "Corr 2022"]
[Source "ChessBase"]
[SourceDate "2021.10.24"]
[SourceVersion "1"]
[SourceVersionDate "2021.10.24"]
[SourceQuality "1"]

1. e4 e5 2. Nf3 Nc6 3. d4 exd4 4. Nxd4 Nf6 5. Nxc6 bxc6 6. e5 Qe7 7. Qe2 Nd5 8. c4 Ba6 9. b3 g6 10. f4 d6 11. Qf2 Nf6 12. Ba3 Qe6 13. Be2 dxe5 14. 0-0 Ne4 15. Qh4 Bxa3 16. Nxa3 f5 17. Bf3 0-0 18. Bxe4 fxe4 19. Nc2 Rae8 20. fxe5 Qxe5 21. Rxf8+ Rxf8 22. Rd1 1/2-1/2

[Event "BI-2016-F-0000"]
[Site "LSS email"]
[Date "2016.02.14"]
[Round "?"]
[White "Novikov, Sergej"]
[Black "Chumanov, Valeriy"]
[Result "1/2-1/2"]
[WhiteElo "2152"]
[BlackElo "2303"]
[PlyCount "60"]
[EventDate "2016.02.20"]
[EventType "tourn (corr)"]
[EventRounds "10"]
[EventCountry "GER"]
[SourceTitle "Corr 2022"]
[Source "ChessBase"]
[SourceDate "2021.10.24"]
[SourceVersion "1"]
[SourceVersionDate "2021.10.24"]
[SourceQuality "1"]

1. d4 Nf6 2. c4 e6 3. Nf3 b6 4. g3 Ba6 5. b3 Bb4+ 6. Bd2 Be7 7. Bg2 d5 8. cxd5 Nxd5 9. Nc3 Nd7 10. Nxd5 exd5 11. 0-0 0-0 12. Rc1 Re8 13. b4 Bc4 14. a4 c6 15. Re1 b5 16. a5 Bd6 17. Qc2 Rc8 18. Bc3 g6 19. Rb1 Re7 20. e3 f5 21. Nd2 Nf6 22. Nf3 Ng4 23. h3 Nf6 24. Ne5 Ne4 25. Kh2 Re6 26. f3 Nxc3 27. Qxc3 a6 28. f4 Rc7 29. h4 Qe7 30. Rg1 Qg7 1/2-1/2

[Event "BI-2016-F-0000"]
[Site "LSS email"]
[Date "2016.02.14"]
[Round "?"]
[White "Oliveira, Diogo"]
[Black "Novikov, Sergej"]
[Result "1/2-1/2"]
[WhiteElo "2250"]
[BlackElo "2152"]
[PlyCount "50"]
[EventDate "2016.02.20"]
[EventType "tourn (corr)"]
[EventRounds "10"]
[EventCountry "GER"]
[SourceTitle "Corr 2022"]
[Source "ChessBase"]
[SourceDate "2021.10.24"]
[SourceVersion "1"]
[SourceVersionDate "2021.10.24"]
[SourceQuality "1"]

1. c4 e5 2. g3 Nf6 3. Bg2 d5 4. cxd5 Nxd5 5. Nf3 Nc6 6. Nc3 Nb6 7. d3 Be7 8. 0-0 0-0 9. b3 f6 10. Bb2 Bg4 11. Rc1 Qd7 12. a3 a5 13. Re1 Rad8 14. Ne4 Qe6 15. Qc2 Bh3 16. Nc5 Bxc5 17. Bxh3 Qxh3 18. Qxc5 Qe6 19. Nd2 Rf7 20. Qc3 a4 21. Qc2 axb3 22. Qxb3 Qd5 23. Qxd5 Rxd5 24. Rb1 Rb5 25. Ba1 Ra5 1/2-1/2

[Event "CP-2015-P-00003"]
[Site "LSS email"]
[Date "2015.09.28"]
[Round "?"]
[White "Novikov, Sergej"]
[Black "Hrubaru, Mircea"]
[Result "1-0"]
[WhiteElo "2144"]
[BlackElo "1854"]
[PlyCount "21"]
[EventDate "2015.10.01"]
[EventType "tourn (corr)"]
[EventRounds "6"]
[EventCountry "GER"]
[SourceTitle "Corr 2022"]
[Source "ChessBase"]
[SourceDate "2021.10.24"]
[SourceVersion "1"]
[SourceVersionDate "2021.10.24"]
[SourceQuality "1"]

1. d4 d5 2. c4 c6 3. Nf3 Nf6 4. Nc3 a6 5. c5 Nbd7 6. Bf4 Nh5 7. Bd2 g6 8. e4 dxe4 9. Nxe4 Ndf6 10. Nxf6+ Nxf6 11. Bc4 1-0

[Event "CP-2015-P-00003"]
[Site "LSS email"]
[Date "2015.09.28"]
[Round "?"]
[White "Susla, Vitaliy"]
[Black "Novikov, Sergej"]
[Result "1-0"]
[WhiteElo "2249"]
[BlackElo "2144"]
[PlyCount "71"]
[EventDate "2015.10.01"]
[EventType "tourn (corr)"]
[EventRounds "6"]
[EventCountry "GER"]
[SourceTitle "Corr 2022"]
[Source "ChessBase"]
[SourceDate "2021.10.24"]
[SourceVersion "1"]
[SourceVersionDate "2021.10.24"]
[SourceQuality "1"]

1. d4 Nf6 2. c4 e6 3. Nf3 d5 4. Nc3 Be7 5. Bf4 0-0 6. e3 Nbd7 7. c5 Nh5 8. Bd3 Nxf4 9. exf4 b6 10. b4 a5 11. a3 c6 12. 0-0 Ba6 13. Bxa6 Rxa6 14. Qe2 Ra8 15. Na4 Bf6 16. Rfb1 Qc7 17. g3 b5 18. Nc3 g6 19. Qc2 a4 20. Kg2 Bg7 21. Re1 Rae8 22. Rad1 Kh8 23. Re3 Nf6 24. h3 Re7 25. Rde1 Kg8 26. Ne5 Nd7 27. Ne2 Nf6 28. h4 Kh8 29. h5 gxh5 30. Rh1 Rg8 31. g4 hxg4 32. f5 Rge8 33. Nf4 h6 34. Rh4 exf5 35. Qxf5 Rxe5 36. dxe5 1-0

[Event "BI-2015-P-0000"]
[Site "LSS email"]
[Date "2015.04.16"]
[Round "?"]
[White "Keller, Thomas"]
[Black "Novikov, Sergej"]
[Result "0-1"]
[WhiteElo "1917"]
[BlackElo "2090"]
[PlyCount "48"]
[EventDate "2015.04.22"]
[EventType "tourn (corr)"]
[EventRounds "10"]
[EventCountry "GER"]
[SourceTitle "Corr 2022"]
[Source "ChessBase"]
[SourceDate "2021.10.24"]
[SourceVersion "1"]
[SourceVersionDate "2021.10.24"]
[SourceQuality "1"]

1. e4 e5 2. Nf3 Nc6 3. Bb5 Nf6 4. 0-0 Nxe4 5. d4 Nd6 6. dxe5 Nxb5 7. a4 Nbd4 8. Nxd4 d5 9. Nxc6 bxc6 10. Nd2 Be7 11. Nb3 c5 12. Qf3 0-0 13. Be3 c4 14. Nd4 Qd7 15. Qg3 Re8 16. f4 c5 17. Nf3 d4 18. Bd2 Qd5 19. Nh4 Bxh4 20. Qxh4 Bf5 21. c3 Rab8 22. Bc1 Re6 23. g4 Bxg4 24. Qxg4 Rg6 0-1

[Event "BI-2015-P-0000"]
[Site "LSS email"]
[Date "2015.04.16"]
[Round "?"]
[White "Novikov, Sergej"]
[Black "Bergmann, Michael"]
[Result "1/2-1/2"]
[WhiteElo "2090"]
[BlackElo "2533"]
[PlyCount "49"]
[EventDate "2015.04.22"]
[EventType "tourn (corr)"]
[EventRounds "10"]
[EventCountry "GER"]
[SourceTitle "Corr 2022"]
[Source "ChessBase"]
[SourceDate "2021.10.24"]
[SourceVersion "1"]
[SourceVersionDate "2021.10.24"]
[SourceQuality "1"]

1. d4 d5 2. c4 c6 3. Nf3 Nf6 4. Nc3 a6 5. c5 Bf5 6. Bf4 Nbd7 7. Qb3 Ra7 8. h3 e6 9. e3 Be7 10. Nh4 Bg6 11. Nxg6 hxg6 12. Be2 e5 13. Bh2 0-0 14. 0-0 exd4 15. exd4 a5 16. Rfe1 b6 17. cxb6 Nxb6 18. Bd3 a4 19. Qc2 Bd6 20. Be5 Qb8 21. f4 Nfd7 22. Rab1 Re8 23. Rf1 Nf8 24. Ne2 Qc7 25. Rbc1 1/2-1/2

[Event "BI-2015-P-0000"]
[Site "LSS email"]
[Date "2015.04.16"]
[Round "?"]
[White "Novikov, Sergej"]
[Black "Herzog, Agnes"]
[Result "1-0"]
[WhiteElo "2090"]
[BlackElo "1616"]
[PlyCount "71"]
[EventDate "2015.04.22"]
[EventType "tourn (corr)"]
[EventRounds "10"]
[EventCountry "GER"]
[SourceTitle "Corr 2022"]
[Source "ChessBase"]
[SourceDate "2021.10.24"]
[SourceVersion "1"]
[SourceVersionDate "2021.10.24"]
[SourceQuality "1"]

1. e4 e5 2. Nf3 Nc6 3. Bb5 Nf6 4. 0-0 Nxe4 5. d4 Nd6 6. Bxc6 dxc6 7. dxe5 Nf5 8. Qxd8+ Kxd8 9. Nc3 Ke8 10. h3 b6 11. Rd1 Be6 12. a4 h6 13. a5 Rd8 14. Rxd8+ Kxd8 15. g4 Ne7 16. Nd4 Bd7 17. axb6 axb6 18. Bf4 g5 19. Bg3 Bg7 20. Ra8+ Nc8 21. Nf5 Bxf5 22. gxf5 Re8 23. f6 Bf8 24. Ra1 Kd7 25. Rd1+ Ke6 26. Kg2 b5 27. Ne2 c5 28. f4 Kf5 29. Kf3 Na7 30. h4 Nc6 31. hxg5 hxg5 32. Rh1 g4+ 33. Ke3 Nb4 34. Rh5+ Kg6 35. Rg5+ Kh7 36. Ke4 1-0

[Event "BI-2015-P-0000"]
[Site "LSS email"]
[Date "2015.04.16"]
[Round "?"]
[White "Novikov, Sergej"]
[Black "Lozano, Margarita"]
[Result "1-0"]
[WhiteElo "2090"]
[BlackElo "1239"]
[PlyCount "39"]
[EventDate "2015.04.22"]
[EventType "tourn (corr)"]
[EventRounds "10"]
[EventCountry "GER"]
[SourceTitle "Corr 2022"]
[Source "ChessBase"]
[SourceDate "2021.10.24"]
[SourceVersion "1"]
[SourceVersionDate "2021.10.24"]
[SourceQuality "1"]

1. e4 c5 2. Nf3 d6 3. d4 cxd4 4. Nxd4 Nf6 5. Nc3 g6 6. Be3 Bg7 7. f3 0-0 8. Qd2 Nc6 9. 0-0-0 Bd7 10. g4 Rc8 11. Kb1 Ne5 12. h4 Nc4 13. Bxc4 Rxc4 14. h5 Rc8 15. Bh6 Bxh6 16. Qxh6 Rxc3 17. g5 Nxh5 18. Rxh5 gxh5 19. Qxh5 Rc8 20. Rh1 1-0

[Event "BI-2015-F-0000"]
[Site "LSS email"]
[Date "2015.02.12"]
[Round "?"]
[White "Chumanov, Valeriy"]
[Black "Novikov, Sergej"]
[Result "1/2-1/2"]
[WhiteElo "2311"]
[BlackElo "2055"]
[PlyCount "69"]
[EventDate "2015.02.11"]
[EventType "tourn (corr)"]
[EventRounds "10"]
[EventCountry "GER"]
[SourceTitle "Corr 2022"]
[Source "ChessBase"]
[SourceDate "2021.10.24"]
[SourceVersion "1"]
[SourceVersionDate "2021.10.24"]
[SourceQuality "1"]

1. e4 c5 2. Nf3 d6 3. d4 cxd4 4. Nxd4 Nf6 5. Nc3 a6 6. Be3 e5 7. Nb3 Be6 8. f3 Be7 9. Qd2 0-0 10. 0-0-0 Nbd7 11. g4 b5 12. g5 b4 13. Ne2 Ne8 14. f4 a5 15. f5 a4 16. Nbd4 exd4 17. Nxd4 b3 18. Kb1 bxc2+ 19. Nxc2 Bb3 20. axb3 axb3 21. Na3 Ne5 22. h4 Ra4 23. Bd4 Nf3 24. Qc3 Nxd4 25. Rxd4 Rxd4 26. Qxd4 d5 27. Qxd5 Qb6 28. Bc4 Bxa3 29. bxa3 Nd6 30. g6 hxg6 31. fxg6 Nxc4 32. gxf7+ Kh7 33. Qxc4 Qf2 34. Qxb3 Rxf7 35. Rd1 1/2-1/2

[Event "BI-2015-F-0000"]
[Site "LSS email"]
[Date "2015.02.12"]
[Round "?"]
[White "Dehaybe, Andre"]
[Black "Novikov, Sergej"]
[Result "1/2-1/2"]
[WhiteElo "2102"]
[BlackElo "2055"]
[PlyCount "66"]
[EventDate "2015.02.11"]
[EventType "tourn (corr)"]
[EventRounds "10"]
[EventCountry "GER"]
[SourceTitle "Corr 2022"]
[Source "ChessBase"]
[SourceDate "2021.10.24"]
[SourceVersion "1"]
[SourceVersionDate "2021.10.24"]
[SourceQuality "1"]

1. Nf3 Nf6 2. d4 d5 3. c4 e6 4. Bg5 dxc4 5. Nc3 a6 6. a4 Nc6 7. e3 Na5 8. Be2 c5 9. dxc5 Qxd1+ 10. Rxd1 Bxc5 11. Ne5 h6 12. Bh4 b6 13. Nxc4 Nxc4 14. Bxc4 Bb7 15. 0-0 Ke7 16. Bg3 Rhc8 17. Be2 Nd5 18. Nxd5+ Bxd5 19. Be5 f6 20. Bc3 Bb3 21. Ra1 a5 22. Rfc1 e5 23. h3 Bd6 24. g3 Bd5 25. Rd1 Be6 26. Bf3 Ra7 27. Kg2 Bb4 28. Bxb4+ axb4 29. Bd5 Rd8 30. Bxe6 Rxd1 31. Rxd1 Kxe6 32. b3 Rc7 33. Kf3 Rc3 1/2-1/2

[Event "BI-2015-F-0000"]
[Site "LSS email"]
[Date "2015.02.12"]
[Round "?"]
[White "Novikov, Sergej"]
[Black "Luers, Lavas"]
[Result "1-0"]
[WhiteElo "2055"]
[BlackElo "2019"]
[PlyCount "107"]
[EventDate "2015.02.11"]
[EventType "tourn (corr)"]
[EventRounds "10"]
[EventCountry "GER"]
[SourceTitle "Corr 2022"]
[Source "ChessBase"]
[SourceDate "2021.10.24"]
[SourceVersion "1"]
[SourceVersionDate "2021.10.24"]
[SourceQuality "1"]

1. e4 c5 2. Nf3 d6 3. d4 cxd4 4. Nxd4 Nf6 5. Nc3 a6 6. Be3 Ng4 7. Bc1 Nf6 8. Be3 Ng4 9. Bg5 h6 10. Bh4 g5 11. Bg3 Bg7 12. h3 Ne5 13. f3 Nbc6 14. Bf2 Be6 15. Qd2 Rc8 16. 0-0-0 Nxd4 17. Bxd4 Qa5 18. a3 0-0 19. h4 g4 20. Qe3 Nc4 21. Bxc4 Rxc4 22. Bxg7 Kxg7 23. Rd3 b5 24. Kb1 b4 25. Nd5 Bxd5 26. Rxd5 Rc5 27. Qd4+ e5 28. Rxc5 Qxc5 29. Qxb4 Qf2 30. fxg4 Qxg2 31. Rc1 Re8 32. Qxd6 Qxe4 33. Qxa6 Qxg4 34. Qa7 Qf5 35. a4 Kh7 36. Qe3 e4 37. c4 Qe6 38. c5 Ra8 39. Qd4 e3 40. Rg1 Rg8 41. Qd3+ f5 42. Re1 Rg3 43. c6 Qxc6 44. Qxf5+ Qg6 45. Qxg6+ Kxg6 46. Kc2 Kf5 47. b4 Ke6 48. a5 Kd6 49. a6 Kc7 50. Ra1 Rg2+ 51. Kc3 Kb8 52. b5 Rg6 53. Kd3 Rb6 54. Rb1 1-0

[Event "BI-2015-F-0000"]
[Site "LSS email"]
[Date "2015.02.12"]
[Round "?"]
[White "Novikov, Sergej"]
[Black "Meissner, Ruediger"]
[Result "1/2-1/2"]
[WhiteElo "2055"]
[BlackElo "2153"]
[PlyCount "34"]
[EventDate "2015.02.11"]
[EventType "tourn (corr)"]
[EventRounds "10"]
[EventCountry "GER"]
[SourceTitle "Corr 2022"]
[Source "ChessBase"]
[SourceDate "2021.10.24"]
[SourceVersion "1"]
[SourceVersionDate "2021.10.24"]
[SourceQuality "1"]

1. Nf3 c5 2. e4 d6 3. d4 cxd4 4. Nxd4 Nf6 5. Nc3 a6 6. Be3 Ng4 7. Bg5 h6 8. Bh4 g5 9. Bg3 Bg7 10. Be2 h5 11. Bxg4 Bxg4 12. f3 Bd7 13. Bf2 Nc6 14. 0-0 h4 15. h3 Rb8 16. Qd2 Qa5 17. Rfd1 Rg8 1/2-1/2

[Event "WC-2015-P-00021"]
[Site "LSS email"]
[Date "2015.01.19"]
[Round "?"]
[White "Gazen, Louis"]
[Black "Novikov, Sergej"]
[Result "1/2-1/2"]
[WhiteElo "1904"]
[BlackElo "2045"]
[PlyCount "47"]
[EventDate "2015.01.25"]
[EventType "tourn (corr)"]
[EventRounds "12"]
[EventCountry "GER"]
[SourceTitle "Corr 2022"]
[Source "ChessBase"]
[SourceDate "2021.10.24"]
[SourceVersion "1"]
[SourceVersionDate "2021.10.24"]
[SourceQuality "1"]

1. e4 c5 2. Nf3 d6 3. Bb5+ Bd7 4. Bxd7+ Qxd7 5. 0-0 Nc6 6. c3 Nf6 7. d4 Nxe4 8. d5 Nb8 9. Bf4 Nf6 10. Re1 Na6 11. c4 h6 12. a3 g5 13. Be3 Nc7 14. Nc3 Bg7 15. b4 b6 16. Qd3 0-0 17. bxc5 bxc5 18. h4 g4 19. Nd2 g3 20. fxg3 Rab8 21. Rab1 Ng4 22. Nf3 Rxb1 23. Rxb1 Nxe3 24. Qxe3 1/2-1/2

[Event "WC-2015-P-00021"]
[Site "LSS email"]
[Date "2015.01.19"]
[Round "?"]
[White "Novikov, Sergej"]
[Black "Mujica, Hector"]
[Result "1-0"]
[WhiteElo "2045"]
[BlackElo "1858"]
[PlyCount "71"]
[EventDate "2015.01.25"]
[EventType "tourn (corr)"]
[EventRounds "12"]
[EventCountry "GER"]
[SourceTitle "Corr 2022"]
[Source "ChessBase"]
[SourceDate "2021.10.24"]
[SourceVersion "1"]
[SourceVersionDate "2021.10.24"]
[SourceQuality "1"]

1. e4 e5 2. Nf3 Nc6 3. Bb5 a6 4. Ba4 Nf6 5. 0-0 Be7 6. Re1 b5 7. Bb3 d6 8. c3 0-0 9. h3 Na5 10. Bc2 c5 11. d4 Qc7 12. Nbd2 cxd4 13. cxd4 Nc6 14. Nb3 a5 15. Be3 a4 16. Nbd2 Bd7 17. Rc1 Qb7 18. Nf1 Rfe8 19. Ng3 g6 20. Qd2 exd4 21. Nxd4 Ne5 22. b3 axb3 23. axb3 Ra2 24. Red1 Rc8 25. Bg5 Nc6 26. Qf4 Nxd4 27. Rxd4 Raxc2 28. Rxc2 Rxc2 29. Bxf6 Qa7 30. Nh5 Bxh3 31. gxh3 gxh5 32. e5 h6 33. Rxd6 Qa1+ 34. Kg2 Qa8+ 35. Kh2 Bxf6 36. Rxf6 1-0

[Event "WC-2015-P-00021"]
[Site "LSS email"]
[Date "2015.01.19"]
[Round "?"]
[White "Novikov, Sergej"]
[Black "Roberts, Anthony"]
[Result "1/2-1/2"]
[WhiteElo "2045"]
[BlackElo "2320"]
[PlyCount "100"]
[EventDate "2015.01.25"]
[EventType "tourn (corr)"]
[EventRounds "12"]
[EventCountry "GER"]
[SourceTitle "Corr 2022"]
[Source "ChessBase"]
[SourceDate "2021.10.24"]
[SourceVersion "1"]
[SourceVersionDate "2021.10.24"]
[SourceQuality "1"]

1. d4 Nf6 2. c4 e6 3. Nf3 b6 4. Nc3 Bb4 5. Bg5 h6 6. Bh4 Bb7 7. e3 g5 8. Bg3 Ne4 9. Qc2 Bxc3+ 10. bxc3 d6 11. Bd3 Nxg3 12. hxg3 g4 13. Nh4 Nc6 14. Be4 Qe7 15. a4 a5 16. 0-0 0-0-0 17. Rab1 Rhg8 18. Rb5 Rg5 19. Rfb1 Rdg8 20. R5b2 Qd7 21. Bd3 Rf8 22. e4 Kb8 23. e5 dxe5 24. d5 Ne7 25. c5 Nxd5 26. cxb6 c6 27. Rd1 Qe7 28. Bf1 Kc8 29. Rb3 Rd8 30. c4 Nb4 31. Rxd8+ Qxd8 32. Qh7 Qf6 33. c5 e4 34. Rb1 Na6 35. Bxa6 Bxa6 36. Qxe4 Rd5 37. Re1 h5 38. Qc2 Rd3 39. Kh2 Qc3 40. Qxc3 Rxc3 41. Re5 Bd3 42. f4 gxf3 43. gxf3 Kb7 44. g4 hxg4 45. fxg4 Ka6 46. Re3 Rc2+ 47. Kg3 Bh7 48. Nf3 Rxc5 49. Ne5 Bg6 50. Re1 Rc3+ 1/2-1/2

[Event "CP-2014-Q-00005"]
[Site "LSS email"]
[Date "2014.12.02"]
[Round "?"]
[White "Fels, Bernhard"]
[Black "Novikov, Sergej"]
[Result "0-1"]
[WhiteElo "2103"]
[BlackElo "2018"]
[PlyCount "82"]
[EventDate "2014.12.08"]
[EventType "tourn (corr)"]
[EventRounds "6"]
[EventCountry "GER"]
[SourceTitle "Corr 2022"]
[Source "ChessBase"]
[SourceDate "2021.10.24"]
[SourceVersion "1"]
[SourceVersionDate "2021.10.24"]
[SourceQuality "1"]

1. b3 e5 2. Bb2 Nc6 3. e3 Nf6 4. c4 d5 5. cxd5 Nxd5 6. a3 Bd6 7. Qc2 Qg5 8. d3 0-0 9. Nf3 Qg6 10. Nbd2 Rd8 11. Rc1 a5 12. Nh4 Qg4 13. Nhf3 Be6 14. h4 a4 15. b4 Bxb4 16. axb4 Ndxb4 17. Qb1 a3 18. Bxe5 a2 19. Qa1 Rxd3 20. Bc3 Rxc3 21. Rxc3 Qf5 22. Be2 Nc2+ 23. Rxc2 Qxc2 24. Bd1 Qg6 25. 0-0 Qd3 26. Re1 Ra3 27. Be2 Qc3 28. Rd1 h6 29. h5 b6 30. g3 Bd5 31. Ne1 Nb4 32. Qxc3 Rxc3 33. Kf1 c5 34. Ra1 c4 35. e4 Be6 36. f4 f6 37. Kf2 b5 38. e5 fxe5 39. fxe5 Kf8 40. Bd1 Bf5 41. g4 Bh7 0-1

[Event "CP-2014-Q-00005"]
[Site "LSS email"]
[Date "2014.12.02"]
[Round "?"]
[White "Novikov, Sergej"]
[Black "Launhardt, Wolfgang"]
[Result "1/2-1/2"]
[WhiteElo "2018"]
[BlackElo "2241"]
[PlyCount "77"]
[EventDate "2014.12.08"]
[EventType "tourn (corr)"]
[EventRounds "6"]
[EventCountry "GER"]
[SourceTitle "Corr 2022"]
[Source "ChessBase"]
[SourceDate "2021.10.24"]
[SourceVersion "1"]
[SourceVersionDate "2021.10.24"]
[SourceQuality "1"]

1. d4 Nf6 2. c4 d6 3. Nf3 g6 4. Nc3 Bg7 5. e4 0-0 6. Be2 e5 7. 0-0 Na6 8. Be3 Ng4 9. Bg5 Qe8 10. d5 f5 11. Ne1 h6 12. Bd2 Nf6 13. f3 g5 14. Nd3 Qg6 15. Nf2 f4 16. Be1 h5 17. Nd3 g4 18. Bh4 gxf3 19. Bxf3 Ng4 20. Bf2 h4 21. Kh1 Nxf2+ 22. Rxf2 c5 23. Nb5 Rf6 24. a3 Bf8 25. b4 b6 26. Rb2 Qg5 27. bxc5 Nxc5 28. Nxc5 dxc5 29. a4 Qg7 30. Rd2 h3 31. a5 bxa5 32. d6 Bd7 33. gxh3 Bxh3 34. Rda2 Kh8 35. Qd5 Rc8 36. Qxe5 Rg6 37. Qxg7+ Bxg7 38. Rd1 Bd7 39. Rxa5 1/2-1/2